<?xml version="1.0" encoding="UTF-8"?>
<record
    xmlns:xsi="http://www.w3.org/2001/XMLSchema-instance"
    xsi:schemaLocation="http://www.loc.gov/MARC21/slim http://www.loc.gov/standards/marcxml/schema/MARC21slim.xsd"
    xmlns="http://www.loc.gov/MARC21/slim">

  <leader>00210nam a22000857a 4500</leader>
  <controlfield tag="003">SGT</controlfield>
  <datafield tag="245" ind1=" " ind2=" ">
    <subfield code="a">Journal of Oral Pathology &amp; Medicine</subfield>
  </datafield>
  <datafield tag="260" ind1=" " ind2=" ">
    <subfield code="b">Blackwell</subfield>
    <subfield code="c">2006, 2007, 2009, 2010, 2011, 2008</subfield>
  </datafield>
  <datafield tag="942" ind1=" " ind2=" ">
    <subfield code="2">ddc</subfield>
    <subfield code="c">BV</subfield>
  </datafield>
  <datafield tag="952" ind1=" " ind2=" ">
    <subfield code="0">0</subfield>
    <subfield code="1">0</subfield>
    <subfield code="2">ddc</subfield>
    <subfield code="4">0</subfield>
    <subfield code="7">1</subfield>
    <subfield code="a">FD</subfield>
    <subfield code="b">FD</subfield>
    <subfield code="d">2024-11-22</subfield>
    <subfield code="h">Vol. 35</subfield>
    <subfield code="i">SGTU</subfield>
    <subfield code="p">PD494</subfield>
    <subfield code="r">2024-11-22 00:00:00</subfield>
    <subfield code="w">2024-11-22</subfield>
    <subfield code="y">BV</subfield>
  </datafield>
  <datafield tag="952" ind1=" " ind2=" ">
    <subfield code="0">0</subfield>
    <subfield code="1">0</subfield>
    <subfield code="2">ddc</subfield>
    <subfield code="4">0</subfield>
    <subfield code="7">1</subfield>
    <subfield code="a">FD</subfield>
    <subfield code="b">FD</subfield>
    <subfield code="d">2024-11-22</subfield>
    <subfield code="h">Vol. 36</subfield>
    <subfield code="i">SGTU</subfield>
    <subfield code="p">PD495</subfield>
    <subfield code="r">2024-11-22 00:00:00</subfield>
    <subfield code="w">2024-11-22</subfield>
    <subfield code="y">BV</subfield>
  </datafield>
  <datafield tag="952" ind1=" " ind2=" ">
    <subfield code="0">0</subfield>
    <subfield code="1">0</subfield>
    <subfield code="2">ddc</subfield>
    <subfield code="4">0</subfield>
    <subfield code="7">1</subfield>
    <subfield code="a">FD</subfield>
    <subfield code="b">FD</subfield>
    <subfield code="d">2024-11-22</subfield>
    <subfield code="h">Vol. 38</subfield>
    <subfield code="i">SGTU</subfield>
    <subfield code="p">PD496</subfield>
    <subfield code="r">2024-11-22 00:00:00</subfield>
    <subfield code="w">2024-11-22</subfield>
    <subfield code="y">BV</subfield>
  </datafield>
  <datafield tag="952" ind1=" " ind2=" ">
    <subfield code="0">0</subfield>
    <subfield code="1">0</subfield>
    <subfield code="2">ddc</subfield>
    <subfield code="4">0</subfield>
    <subfield code="7">1</subfield>
    <subfield code="a">FD</subfield>
    <subfield code="b">FD</subfield>
    <subfield code="d">2024-11-22</subfield>
    <subfield code="h">Vol. 39</subfield>
    <subfield code="i">SGTU</subfield>
    <subfield code="p">PD497</subfield>
    <subfield code="r">2024-11-22 00:00:00</subfield>
    <subfield code="w">2024-11-22</subfield>
    <subfield code="y">BV</subfield>
  </datafield>
  <datafield tag="952" ind1=" " ind2=" ">
    <subfield code="0">0</subfield>
    <subfield code="1">0</subfield>
    <subfield code="2">ddc</subfield>
    <subfield code="4">0</subfield>
    <subfield code="7">1</subfield>
    <subfield code="a">FD</subfield>
    <subfield code="b">FD</subfield>
    <subfield code="d">2024-11-22</subfield>
    <subfield code="h">Vol. 40</subfield>
    <subfield code="i">SGTU</subfield>
    <subfield code="p">PD498</subfield>
    <subfield code="r">2024-11-22 00:00:00</subfield>
    <subfield code="w">2024-11-22</subfield>
    <subfield code="y">BV</subfield>
  </datafield>
  <datafield tag="952" ind1=" " ind2=" ">
    <subfield code="0">0</subfield>
    <subfield code="1">0</subfield>
    <subfield code="2">ddc</subfield>
    <subfield code="4">0</subfield>
    <subfield code="7">1</subfield>
    <subfield code="a">FD</subfield>
    <subfield code="b">FD</subfield>
    <subfield code="d">2024-11-22</subfield>
    <subfield code="h">Vol. 37</subfield>
    <subfield code="i">SGTU</subfield>
    <subfield code="p">PD499</subfield>
    <subfield code="r">2024-11-22 00:00:00</subfield>
    <subfield code="w">2024-11-22</subfield>
    <subfield code="y">BV</subfield>
  </datafield>
  <datafield tag="999" ind1=" " ind2=" ">
    <subfield code="c">27636</subfield>
    <subfield code="d">27636</subfield>
  </datafield>
</record>
